Přímá spojka s těsněním, O-kroužkem a děma převlečnými maticemi redukovaná.
Uložené v:
| Médium: | Kniha |
|---|---|
| Jazyk: | Slovak Czech |
| Vydané: |
[2017].
|
| Vydanie: | 1. vydanie |
| Témy: | |
| On-line prístup: | http://www.haberkorn.cz |
| Fyzický popis: |
1 list. |
| Tagy: |
Pridať tag
Žiadne tagy, Buďte prvý kto otaguje tento záznam!
|
Titul je dostupný aj v ... 

MARC
| LEADER | 00000nam#a22000003a#4500 | ||
|---|---|---|---|
| 001 | 000531663 | ||
| 003 | SVKKK | ||
| 005 | 20170202131424.0 | ||
| 008 | 170118s2017 xo |||| 0 slo#d | ||
| 040 | |a SVKKK |b slo |c SVKKK |e AACR2 | ||
| 041 | 0 | |a cze | |
| 044 | |a xr |c CZ | ||
| 080 | |a 621.643.414 |2 2001 | ||
| 110 | 2 | |a HABERKORN ULMER s. r. o. |c Generála Vlachého 305, 747 62 Mokré Lazce, ČR |4 mfr | |
| 245 | 1 | 0 | |a Přímá spojka s těsněním, O-kroužkem a děma převlečnými maticemi redukovaná. |
| 250 | |a 1. vydanie | ||
| 260 | |c [2017]. | ||
| 300 | |a 1 list. | ||
| 655 | 7 | |a firemné prospekty |2 SNKPH | |
| 856 | 4 | 1 | |u http://www.haberkorn.cz |
| 910 | |a svkkk | ||
| 998 | |a FL | ||
| 090 | |g SCKHL |k SK42 |a 621.643.414 |j 234102 |i 531663-10 |4 zastaraná |s Vyradená | ||